|
|
|
|
| LEADER |
00000nam a22000007a 4500 |
| 005 |
20211214222949.0 |
| 007 |
cr|||| |||| |
| 008 |
211214s2020 br |||||s|||| 00||0 por d |
| 020 |
|
|
|a 978-65-5515-105-3
|
| 035 |
|
|
|a 35479
|
| 040 |
|
|
|a vLex
|
| 090 |
|
|
|c 12715
|d 12715
|
| 100 |
1 |
|
|a Proenȧ Marinho, Maria
|
| 245 |
1 |
0 |
|a Frustraȯ̂ do Fim do Contrato
|h [Recurso electrn̤ico] /
|c Maria Proenȧ Marinho
|
| 256 |
|
|
|a Servicio en ln̕ea
|
| 260 |
|
|
|a Indaiatuba:
|b Editora Foco,
|c 2020
|
| 300 |
|
|
|a 1 recurso electrn̤ico
|
| 500 |
|
|
|a J ̀no inc̕io de 2020, o mundo se viu assolado pela pandemia de COVID-19, que imps̥ amplo isolamento de indivd̕uos em suas casas e a interrupȯ̂ do fluxo de pessoas e de diversas atividades econm̥icas. Diante desse cenr̀io, muito se discute a respeito da impossibilidade superveniente e da onerosidade excessiva que atingiu diversas contrataė̳s. No entanto, h ̀um outro grupo de casos que tambm̌ merece atenȯ̂: houve numerosas hipt̤eses em que, embora o cumprimento da prestaȯ̂ ainda fosse possv̕el, nô se podia mais atingir a finalidade da contrataȯ̂ em razô da alarmante situaȯ̂ vivida. Considere-se, por exemplo, um contrato de locaȯ̂ de curta duraȯ̂ que previa em seus considerando que o imv̤el seria utilizado como uma loja de roupas pop-up na cidade do Rio de Janeiro. Em seguida, o Governo do Estado edita norma proibindo essa espčie de comřcio naquele pero̕do. O cumprimento da prestaȯ̂ (aluguel do imv̤el) ainda ̌possv̕el, mas a finalidade assumida por ambas as partes no considerando (utilizaȯ̂ do imv̤el como loja de roupas) foi proibida. O contrato pode ser extinto? Com base em que fundamento jurd̕ico? A frustraȯ̂ do fim do contrato, instituto objeto deste livro, pode auxiliar nestas e em outras respostas
|
| 506 |
1 |
|
|a Disponible solo en los productos indicados
|d vLex Global
|d vLex Global (Academic Edition, excluding Law Schools)
|d vLex Global (U.S. Academic Edition, Law Schools)
|d vLex Global (U.S. Academic Edition, excluding Law Schools)
|d vLex Global (Academic Edition, Law Schools)
|
| 650 |
0 |
4 |
|a Derecho Civil
|z Brasil
|
| 650 |
0 |
4 |
|a Obligaciones y Contratos
|z Brasil
|
| 740 |
0 |
|
|a vLex Libros (Servicio en ln̕ea)
|
| 856 |
4 |
0 |
|u https://app.vlex.com/#/sources/35479
|z Acceso restringido
|
| 942 |
|
|
|c BOOK
|
| 999 |
0 |
|
|a Civil Law
|
| 999 |
0 |
|
|a Obligations and Contracts
|